Rhinoceros's bathtime : (Record no. 7995)

MARC details
000 -LEADER
fixed length control field 00746nam a22002297a 4500
001 - CONTROL NUMBER
control field 7995
003 - CONTROL NUMBER IDENTIFIER
control field FISKH
005 - DATE AND TIME OF LATEST TRANSACTION
control field 20250818104929.0
008 - FIXED-LENGTH DATA ELEMENTS--GENERAL INFORMATION
fixed length control field 250818b cb ||||| |||| 00| 0 eng d
020 ## - INTERNATIONAL STANDARD BOOK NUMBER
International Standard Book Number 9781568998008
040 ## - CATALOGING SOURCE
Original cataloging agency FISKH
Language of cataloging eng
Transcribing agency FISKH
Modifying agency FISKH
050 ## - LIBRARY OF CONGRESS CALL NUMBER
Classification number QL737.U63 G35
082 ## - DEWEY DECIMAL CLASSIFICATION NUMBER
Classification number 599.668
100 ## - MAIN ENTRY--PERSONAL NAME
Personal name Galvin, Laura Gates
245 ## - TITLE STATEMENT
Title Rhinoceros's bathtime :
Statement of responsibility, etc. Let's go to the zoo! /
260 ## - PUBLICATION, DISTRIBUTION, ETC.
Place of publication, distribution, etc. Washington :
Name of publisher, distributor, etc. Sound Prints,
Date of publication, distribution, etc. 2002.
300 ## - PHYSICAL DESCRIPTION
Extent 16 unnumbered pages :
Other physical details color illustrations ;
Dimensions 18 cm
505 ## - FORMATTED CONTENTS NOTE
Formatted contents note NP<br/>
520 ## - SUMMARY, ETC.
Summary, etc. Pictures taken at the Smithsonian Institution's National Zoo in Washington, D.C. show a baby rhino and his mother enjoying a mud bath.<br/>
942 ## - ADDED ENTRY ELEMENTS (KOHA)
Source of classification or shelving scheme Dewey Decimal Classification
Koha item type Books
Suppress in OPAC No
Holdings
Withdrawn status Lost status Source of classification or shelving scheme Damaged status Not for loan Collection Home library Current library Shelving location Date acquired Total Checkouts Full call number Barcode Date last seen Copy number Price effective from Koha item type
    Dewey Decimal Classification     Non-Fiction Footprints International School Library Network Toul Kork Campus Footprints International School Library Network Toul Kork Campus TK Primary Library Room(4th Floor), Bookcase 7, Shelves 57-60, Dark Green Books 08/18/2025   GAL 599.668 QL737.U63 G35 FISTK02857 08/18/2025 1 08/18/2025 Books